| 000 | 01200nam2a2200253 4500 | ||
|---|---|---|---|
| 001 | rc\2989066 | ||
| 005 | 20260315063021.0 | ||
| 035 | _a(NLR Aleph) 007133256 | ||
| 090 |
_a13613042 _c13613042 |
||
| 100 | _a20110914d1941 u y0rusy50 ca | ||
| 101 | 0 | _arus | |
| 102 | _aRU | ||
| 105 | _aa z ||||| | ||
| 200 | 1 | _aКирпичные стены с воздушными прослойками для жилых и промышленных зданий | |
| 210 | _d1941 | ||
| 215 |
_a29 с. _cил. |
||
| 300 | _aМикрофильм | ||
| 461 | 0 |
_1001rc\2989061 _12001#$aСообщения Кабинета строительной техники$eВып. 1-$fОтв. ред. Г.Ф. Кузнецов$gАкад. архитектуры СССР$vВып. 5 _96980966 _aАкадемия архитектуры СССР. Кабинет строительной техники _cМосква _d1940 _fОтв. ред. Г.Ф. Кузнецов _nБ. и. _oВып. 1- _tСообщения Кабинета строительной техники _vВып. 5 |
|
| 801 | 0 |
_aRU _bNLR _gpsbo |
|
| 801 | 1 |
_aRU _bELAR _2rusmarc |
|
| 852 |
_aNLR _jТ80 В-8/5(5) |
||
| 852 |
_aNLR _bМф _jК1/2084 |
||
| 942 | _cUNSPEC | ||
| 980 | _aNB | ||